000 00500nam a22001817a 4500
005 20260320152132.0
010 _aENG-148089
020 _a9789334344035
_c350.00
035 _aEN-131621
037 _bDBAD
082 _a881
_21
100 _aR J Kalpana
_988689
245 _aDance of the Mystics/
_bR.J Kalpana
260 _aVasista Theosophical Trust
_bR J Kalpana
_c2025
270 _aVasista Theosophical Trust
300 _a229p.
_c21cm.(pb)
942 _2ddc
_cEN
_h881
_mRJP
999 _c215699
_d215699